000 00843nam a22002297a 4500
999 _c10176
_d10176
003 AR-CdUCM
008 190329b ||||| |||| 00| 0 spa d
040 _aMUNICIPALIDAD PROVINCIAL DEL CUSCO
_cBIBLIOTECA MUNICIPAL DEL CUSCO
082 _a869.33 /
_bAR69P / 1966
100 _aArenas, Braulio
_910183
245 _aPequeña meditación al atardecer en un cementerio junto al mar /
260 _aChile :
_bEdiciones Orfeo,
_c1966.
300 _a[s.n] ;
_bilustraciones ;
_c32 cm.
500 _aDonación de la familia Nieto. Publicación artesanal.
650 _aPoesía Chilena - Siglo XX
_926876
650 _aPoetas chilenos
_914365
650 _aBraulio Arenas - Poemas
_926877
700 _aZeller, Ludwig (Ilustrador)
_926878
710 _aUniversidad Técnica del Estado Chile
_926879
942 _2ddc
_cLIBROS
945 _alccs